Slovak Financial Revue

Bibliographic Details
Format: Journal
Language:English
PhysicalDescription:2 zv. 30 cm
Published: Bratislava A&B FILM PRODUCTIONS Slovenská obchodná a priemyselná komora 1995-1996
ISSN:1335-1087
Subjects:

MARC

LEADER 00000cas a2200000 a 4500
001 vtls008884224
003 SK-MaSNL
005 20260228162240.0
008 021214d19951996xo fr|p|| 0 0 |0eng|
022 |a 1335-1087 
035 |a (SVKBB03)vtls000146621 
040 |a SVKBB  |b slo  |c SVKBB  |d SNK  |e AACR2 
041 1 |a eng 
044 |a xo  |c SK 
072 7 |a 336.7  |x Financie  |2 konspekt 
080 |a 336  |2 2011 
080 |a 336.711  |2 2011 
080 |a 336.71  |2 2011 
080 |a (051)-048.55  |2 2011 
210 0 |a Slov. finanč. rev. 
222 0 |a Slovenská finančná revue 
245 0 0 |a Slovak Financial Revue 
260 |a Bratislava  |b A&B FILM PRODUCTIONS  |b Slovenská obchodná a priemyselná komora  |c 1995-1996 
300 |a 2 zv.  |c 30 cm 
310 |a 2x ročne 
362 0 |a No. 1 (1995)-no. 3 (1996) 
500 |a Zodpovedný redaktor: 1/1995, Ján Puchovský ; 2/1995-3/1996, Igor Žvach 
500 |a Registračné č.: MK SR - 1215/95 
500 |a Podnázov od č. 3/1996: magazine of the banking-finance section of the Slovak chamber of commerce and industry 
515 |a Časopis má priebežné číslovanie 
650 7 |a financie  |2 SNKPH  |9 2205 
650 7 |a banky  |2 SNKPH  |9 2103 
650 7 |a bankovníctvo  |2 SNKPH  |9 2101 
650 7 |a Finance  |2 SNKPHeng  |9 265496 
650 7 |a Banks  |2 SNKPHeng  |9 266087 
650 7 |a Banking  |2 SNKPHeng  |9 265497 
655 7 |a špecializované časopisy  |2 SNKPH  |9 70509 
655 7 |a Specialized magazines  |2 SNKPHeng  |9 266103 
700 1 |a Puchovský, Ján  |4 lso  |9 270647 
700 1 |a Žvach, Igor  |4 lso  |9 270648 
710 2 |a Slovenská obchodná a priemyselná komora  |4 pbl  |9 17746 
775 0 |t Slovenská finančná revue  |x 1335-1087  |w vtls008884254 
910 |a snk 
999 |c 7270  |d 9200 
952 |0 0  |1 0  |4 0  |7 0  |8 0  |a SNK  |b SNK  |d 2019-08-05  |i snk2019/20030  |l 0  |o snkČSB 7213/A/1995  |p 17A1370242  |r 2026-02-21 22:22:01  |t No. 1-2 + 2 príl.  |w 2026-02-21  |y PREZ  |z Príl.: v č. 1; v č. 2 
952 |0 0  |1 0  |4 0  |7 0  |8 0  |a SNK  |b SNK  |d 2019-08-05  |i snk2019/20031  |l 0  |o snkČSB 7213/A/1996  |p 17A1370243  |r 2026-02-21 22:22:01  |t No. 3 + 1 príl.  |w 2026-02-21  |y PREZ  |z Prí.: v č. 3